书目信息 |
| 题名: |
实用电工技术问答1000题
|
|
| 作者: | 包头供电局《实用电工技术问答》编写组 编 ;包头供电局《实用电工技术问答》编写组 编 | |
| 分册: | 下册 | |
| 出版信息: | 呼和浩特 内蒙古人民出版社 1980 |
|
| 页数: | 409-822页 | |
| 开本: | 19cm | |
| 丛书名: | ||
| 单 册: | ||
| 中图分类: | TM-44 | |
| 科图分类: | ||
| 主题词: | 电工技术--问答 | |
| 电子资源: | ||
| ISBN: | ||
| 000 | 01011nam0 2200253 45 | |
| 001 | 0180005932 | |
| 005 | 20061123105826.45 | |
| 010 | @dCNY1.15 | |
| 091 | @a15089.37 | |
| 100 | @a19950515d1980 emby0chiy0121 ea | |
| 101 | 0 | @achi |
| 102 | @aCN@b150000 | |
| 105 | @ay z 000yy | |
| 200 | 10 | @a实用电工技术问答1000题@Ashi yong dian gong ji shu wen da1000 ti@h下册@f包头供电局《实用电工技术问答》编写组编@Fbao tou gong dian ju《shi yong dian gong ji shu wen da》bian xie zu bian |
| 210 | @a呼和浩特@c内蒙古人民出版社@d1980 | |
| 215 | @a409-822页@d19cm | |
| 517 | 1 | @a电工技术问答1000题@Adian gong ji shu wen da 1000 ti |
| 606 | @a电工技术@x问答 | |
| 690 | @aTM-44@v3 | |
| 701 | 0 | @a包头供电局《实用电工技术问答》编写组@Abao tou gong dian ju《shi yong dian gong ji shu wen da》bian xie zu@4编 |
| 711 | 02 | @a包头供电局《实用电工技术问答》编写组@Abao tou gong dian ju《 shi yong dian gong ji shu wen da》 bian xie zu@4编 |
| 801 | 2 | @aCN@bNLC@c20061123 |
| 801 | 0 | @aCN@bTSSF |
| 905 | @a10447@dTM-44@e21:2 | |
| 实用电工技术问答1000题.下册/包头供电局《实用电工技术问答》编写组编.-呼和浩特:内蒙古人民出版社,1980 |
| 409-822页;19cm |
| ISBN :CNY1.15 |
| ● |
| 相关链接 |
|
|
|
|
正题名:实用电工技术问答1000题
索取号:TM-44/21:2
 
预约/预借
| 序号 | 登录号 | 条形码 | 馆藏地/架位号 | 状态 | 备注 |
| 1 | 0048986 | 202450445 | 第二样本阅览室/ [索取号:TM-44/21:2] | 在馆 |